| 000 | 00503nam a2200169Ia 4500 | ||
|---|---|---|---|
| 008 | 260520s2025 xx 000 0 und d | ||
| 020 | _a978-81-990342-1-1 | ||
| 041 | _amar | ||
| 082 | _a070.1/GHO | ||
| 100 | _aघोरपडे, अक्षय | ||
| 245 | _aव्यावहारिक कौशल्ये | ||
| 250 | _a1st ed | ||
| 260 |
_aजळगाव _bप्रशांत पब्लिकेशन _c2025 |
||
| 300 | _a144p. | ||
| 500 | _aCat No: 15055 | ||
| 650 | _aJURNALISM | ||
| 999 |
_c1221862 _d1221862 |
||